Usos y costumbres de los araucanos

Tallennettuna:
Bibliografiset tiedot
Päätekijä: Gay, Claudio (1800-1873)
Aineistotyyppi: Kirja
Kieli:espanja
Julkaistu: Santiago Penguin Random House 2018
Painos:1a. ed
Aiheet:
Tagit: Lisää tagi
Ei tageja, Lisää ensimmäinen tagi!

MARC

LEADER 00000cam a2200000 a 4500
001 UCC5142
003 CL-VaPUC
008 180927e20180000cl |||||||||||||||||spa|d
020 |a 9789569635267 
082 0 4 |a 305.8  |b GAY  |2 21 
100 |a Gay, Claudio,  |e 1800-1873  |9 435569 
245 1 0 |a Usos y costumbres de los araucanos 
250 |a 1a. ed 
300 |a 372 p 
942 |c BK 
945 |d 20180927 22:58:00  |a dcastane 
260 |a Santiago  |b Penguin Random House  |c 2018 
650 0 |a Mapuches   |9 392456 
650 0 |a Vida cotidiana   |9 322355 
650 0 |a Vida social y costumbres  |9 258725 
583 |a last modification  |c 20181213 02:10:43  |k Rodrigo Vera 
999 |c 372417  |d 372415 
952 |0 0  |1 0  |3 erb  |4 0  |6 305_800000000000000_GAY_2018  |7 0  |8 A  |9 490063  |a BIBHIS  |b BIBHIS  |i 5502039  |o 305.8 GAY 2018  |p 5502039  |r 2025-01-20  |w 2019-11-24  |y BK  |z Catalogado en:20180927  |k HIS 
952 |0 0  |1 0  |3 erb  |4 0  |6 305_800000000000000_GAY_2018  |7 0  |8 A  |9 490064  |a BIBART  |b BIBART  |i 5523141  |o 305.8 GAY 2018  |p 5523141  |r 2025-03-13  |w 2019-11-24  |y BK  |z Catalogado en:20181213  |k ART